Sophia : 15ª edição do concurso literário Sophia de Mello Breyner Andresen (Registo nº 75631)

Detalhes MARC
000 -Etiqueta do registo
campo de controlo de comprimento fixo 00434 a2200121 4500
001 - Identificador do registo
Campo de controlo 75631
005 - Identificador da versão
Campo de controlo 20260303120311.0
010 ## - ISBN
Número (ISBN) 978-989-9878-21-9
100 ## - Dados Gerais de Proc.
Dados gerais de processamento 20260303 pory50
200 ## - Título
Título próprio Sophia : 15ª edição do concurso literário Sophia de Mello Breyner Andresen
Primeira menção de responsabilidade Câmara Municipal de Loulé ; Câmara Municipal de Lagos
210 ## - Publicação, Distribuição
Nome do editor, distribuidor, etc. Câmara Municipal de Loulé ; Câmara Municipal de Lagos
Data da publicação, distribuição, etc. 2022
090 ## - Números de controlo do sistema (Koha)
Número biblioitem do Koha (gerado automaticamente) 75631
942 ## - Elementos de entrada adicionados (Koha)
Tipo de item no Koha Monografias
Exemplares
Removido (estado) Perdido (estado) Data de aquisição Origem do registo (biblioteca) (codificado) Código da organização que empresta ou é detentora (biblioteca) Código de barras Local Número de inventário Cota Tipo de circulação (não pode ser emprestado) Preço Tipo de item e material
Disponível Disponível 2026-03-03 Biblioteca Municipal Álvaro de Campos Biblioteca Municipal Álvaro de Campos BMTAV69975 Depósito 69975 SOP Normal 5.00 Monografias